000 00475nam a2200181Ia 4500
008 230917s9999||||xx |||||||||||||| ||und||
020 _cUSD34.95
040 _e255597
_aMAIN
041 _aEnglish
082 _a300.72 B573D(3)
100 _aBlaikie, Norman
245 0 _aDesigning social research
250 _a3rd ed.
260 _aMedford, USA
_bPolity
_c2019
300 _axi, 351 p.
500 _a3466 08/05/2019 APD19/1095823 10/05/2019 Main Budget
942 _cBK
999 _c31194
_d31194